[Event "5th Sinquefield Cup 2017 GCT"]
[Site "Saint Louis"]
[Date "2017.08.11"]
[Round "9"]
[White "Carlsen, Magnus"]
[Black "Aronian, Levon"]
[Result "1-0"]
[WhiteElo "2822"]
[BlackElo "2799"]
[Annotator "TA"]
[PlyCount "103"]
[EventDate "2017.??.??"]
[EventCountry "USA"]
[SourceTitle "playchess.com"]
[Source "ChessBase"]
[SourceQuality "1"]

{[%evp 24,103,22,21,18,13,14,0,17,8,17,4,41,36,51,55,65,64,52,86,130,127,148,140,123,130,242,230,237,237,261,243,279,256,245,268,263,147,141,135,490,355,354,354,356,361,361,361,600,600,600,562,481,354,316,317,296,253,282,275,294,294,294,294,294,294,294,294,294,294,294,288,291,256,288,0,277,277,837,773,12840,12836]} 1. e4 e5 2. Nf3 Nc6 3. Bb5 {[%cal Bf1b5,Bb5a4,Ba4b3][%mdl 32]} a6 4. Ba4 Nf6 5. O-O Be7 6. Re1 b5 7. Bb3 O-O 8. a4 b4 9. a5 d6 10. d3 Be6 11. Bxe6 {C88: Closed Ruy Lopez: Anti-Marshall Systems} fxe6 12. Nbd2 Rb8 13. c3 {LiveBook: 4 Games. The position is equal.} Qe8 {[#]} 14. Nc4 $146 ({Predecessor:} 14. d4 bxc3 15. bxc3 exd4 16. cxd4 Rb5 17. Nc4 Qg6 18. Qe2 Nd7 {½-½ (42) Topalov,V (2741)-Adams,M (2761) Shamkir 2017}) 14... Qg6 15. h3 Nd7 16. Be3 d5 17. Ncd2 bxc3 18. bxc3 Nc5 19. Bxc5 Bxc5 20. Qa4 Rb2 21. Rf1 ({But not} 21. d4 exd4 22. Qxc6 dxc3 $15) 21... Na7 22. Nxe5 Qh6 23. Ndf3 Nb5 {[#]} 24. Rae1 $1 Nxc3 (24... Bd6 $16 {might work better.}) 25. Qc6 $1 $18 {[%csl LRa6,LRc5,LRc7]} Bb4 26. Kh1 dxe4 27. dxe4 Ne2 28. Rb1 Rxb1 29. Rxb1 Bd6 30. Qxa6 (30. Ng4 $18 Qg6 31. Nfe5 (31. Qxa6 Nf4 $11)) 30... Nf4 $16 31. Qb5 c5 $2 {[%mdl 8192]} (31... Bxe5 $16 {is a better chance.} 32. Nxe5 Qg5) 32. a6 Bxe5 33. Nxe5 Qg5 {[%csl Gf4][%cal Rg5g2] [#]} 34. Ng4 h5 35. Ne3 Nxg2 $2 (35... Kh7 36. a7 Nxg2) 36. Nxg2 $18 Rxf2 {[%csl Gf2][%cal Rg5g2]} 37. Rg1 Kh7 {( -> ...Qg3)} 38. Qd3 Qe5 39. Qe3 Ra2 40. Qf4 Qc3 41. Ne3 Qf6 42. Qxf6 gxf6 {[%mdl 4096] Endgame KRN-KR} 43. Rc1 Rxa6 44. Kg2 ({Less strong is} 44. Rxc5 Ra3 $16) 44... Ra2+ 45. Rc2 Ra5 46. Kf3 Kg6 47. h4 Rb5 48. Ra2 Rb1 49. Rc2 Rb5 $1 50. Rc3 f5 $2 (50... Kf7 51. Ng2 Rb4 52. Rxc5 Rb3+ 53. Ne3 Kg6) 51. exf5+ exf5 52. Rd3 {Precision: White = 87%, Black = 48%.} 1-0

[Event "5th Sinquefield Cup 2017 GCT"]
[Site "Saint Louis"]
[Date "2017.08.11"]
[Round "9"]
[White "So, Wesley"]
[Black "Anand, Viswanathan"]
[Result "1/2-1/2"]
[WhiteElo "2810"]
[BlackElo "2783"]
[Annotator "TA"]
[PlyCount "66"]
[EventDate "2017.??.??"]
[EventCountry "USA"]
[SourceTitle "playchess.com"]
[Source "ChessBase"]
[SourceQuality "1"]

{[%evp 25,66,0,0,0,4,0,0,0,0,0,0,0,55,74,71,66,69,21,60,0,0,0,0,0,0,0,0,0,0,-22,0,0,0,0,0,0,0,0,0,0,0,0,0]} 1. d4 Nf6 2. c4 e6 3. Nc3 Bb4 4. Qc2 O-O 5. a3 Bxc3+ 6. Qxc3 d5 7. Nf3 dxc4 8. Qxc4 b6 9. Bg5 {E36: Nimzo-Indian: Classical: 4...d5 5 a3} Ba6 10. Qa4 h6 (10... Qd7 11. Qc2 c5 12. dxc5 Rc8 13. Bxf6 gxf6 14. Rd1 Qe7 15. Qe4 Qxc5 16. e3 Bxf1 17. Kxf1 {½-½ (46) So,W (2770)-Nakamura,H (2787) Bilbao 2016}) 11. Bh4 c5 12. dxc5 bxc5 13. Rc1 Qb6 {LiveBook: 4 Games} 14. Bxf6 gxf6 15. Rc2 c4 {[#] aiming for ...Nc6.} 16. e3 Bb5 $1 {[%cal Rb5a4] [#]} 17. Qb4 $146 Rc8 18. Be2 Nd7 (18... Na6 $11 19. Qc3 Nc5) 19. O-O $14 Rab8 20. Rfc1 a5 21. Qc3 Kg7 22. Qd4 ({White should play} 22. Qe1 $14) 22... Qxd4 $11 {The position is equal.} 23. Nxd4 Ba6 24. Kf1 Ne5 25. Ke1 f5 26. Nf3 Nxf3+ 27. gxf3 (27. Bxf3 {looks sharper.} Rb3 28. g3 Rcb8 29. Be2 Kf6 30. Rd2) 27... Rb3 28. Bxc4 Rxc4 29. Rxc4 Bxc4 30. Rxc4 Rxb2 {KR-KR} 31. Rc5 Rb1+ 32. Ke2 Rh1 33. Rxa5 Rxh2 {Precision: White = 86%, Black = 73%.} 1/2-1/2

[Event "5th Sinquefield Cup 2017 GCT"]
[Site "Saint Louis"]
[Date "2017.08.11"]
[Round "9"]
[White "Nakamura, Hikaru"]
[Black "Karjakin, Sergey"]
[Result "1/2-1/2"]
[WhiteElo "2792"]
[BlackElo "2773"]
[Annotator "TA"]
[PlyCount "68"]
[EventDate "2017.??.??"]
[EventCountry "USA"]
[SourceTitle "playchess.com"]
[Source "ChessBase"]
[SourceQuality "1"]

{[%evp 13,68,6,25,22,4,0,0,-6,16,34,54,13,31,35,30,27,45,39,27,32,48,29,17,0,14,0,0,0,21,11,29,8,0,0,27,30,31,13,12,26,29,5,5,5,5,5,5,1,8,7,8,6,8,0,0,0,0]} 1. c4 Nf6 2. Nc3 e5 3. Nf3 Nc6 4. g3 d5 5. cxd5 Nxd5 6. Bg2 Bc5 {A29: English Opening: Four Knights Variation with 4 g3} (6... Nb6 7. O-O Be7 8. a3 a5 9. d3 O-O 10. Be3 Be6 11. Rc1 a4 12. Nd2 f5 13. Bxb6 cxb6 14. Nxa4 Bg5 15. Nc3 e4 16. Rb1 Ne5 17. Nb3 Ng4 18. Qc2 Be3 19. dxe4 {1-0 (36) Nepomniachtchi,I (2742)-Aronian,L (2809) Geneve 2017}) 7. O-O O-O {LiveBook: 3 Games} 8. Nxd5 Qxd5 9. d3 Bb6 10. b4 $146 ({Predecessor:} 10. Qa4 Bd7 11. Qh4 Qd6 {0-1 (53) Passos Coutinho,E (1764)-Deste,D (1915) Cuiaba 2015}) 10... e4 11. Ng5 {[%cal Bf3g5,Bg5e4,Be4c3,Bc3d5][%mdl 32]} Qd4 12. Be3 Qxb4 13. Nxe4 Bg4 14. h3 Bh5 15. Rb1 Qe7 16. Qd2 Rad8 17. Nc3 f6 18. Nd5 Qd7 19. Rfc1 (19. Rfd1 {is interesting.} Ba5 20. Qc2 Bf7 21. Nc3 b6 22. Nb5) 19... Bf7 20. Bxb6 axb6 21. Nb4 {[%cal Rb4c6]} Nd4 22. Nc2 {[#] Strongly threatening Nxd4.} Nc6 23. Nb4 {[%cal Rb4c6]} Nd4 24. e3 Nf5 25. d4 c5 26. Nc2 cxd4 27. Nxd4 (27. Rd1 {seems wilder.} Qa4 28. Nxd4 Nxd4 29. exd4 Rd6 30. d5) 27... Nxd4 {The position is equal.} 28. exd4 Qxd4 29. Qxd4 Rxd4 30. Rxb6 Bxa2 31. Rxb7 Rdd8 32. Ra7 Be6 33. Re7 (33. Re1 $5 {[%cal Re1e6]} Rd6 34. Kh2 $11) 33... Rfe8 34. Rxe8+ (34. Rb7 $5 {[%cal Rc1c7]}) 34... Rxe8 {Precision: White = 61%, Black = 59%.} 1/2-1/2

[Event "5th Sinquefield Cup 2017 GCT"]
[Site "Saint Louis"]
[Date "2017.08.11"]
[Round "9"]
[White "Vachier-Lagrave, Maxime"]
[Black "Nepomniachtchi, Ian"]
[Result "1-0"]
[WhiteElo "2789"]
[BlackElo "2751"]
[Annotator "TA"]
[PlyCount "103"]
[EventDate "2017.??.??"]
[EventCountry "USA"]
[SourceTitle "playchess.com"]
[Source "ChessBase"]
[SourceQuality "1"]

{[%evp 17,103,0,13,0,26,29,39,28,54,43,65,64,64,54,39,51,41,42,55,53,65,69,66,68,63,64,71,73,72,73,90,55,86,74,80,89,98,101,105,96,98,92,105,100,108,104,102,80,92,77,110,122,120,106,95,99,112,114,124,114,134,120,133,117,347,354,325,333,355,364,354,341,518,518,910,891,763,426,364,414,811,754,1036,1002,1007,626,629,624]} 1. e4 c5 2. Nf3 d6 3. d4 cxd4 4. Nxd4 Nf6 5. Nc3 a6 6. Be2 e5 7. Nf3 Be7 8. Bg5 Nbd7 9. a4 {[%cal Ba2a4,Ba4a5][%mdl 32] B92: Sicilian Najdorf: 6 Be2} O-O {LiveBook: 4 Games} 10. Nd2 Nc5 (10... d5 $5) 11. Bxf6 {White has an edge.} Bxf6 12. Nc4 Be7 13. a5 $146 ({Predecessor:} 13. O-O Be6 14. a5 Rc8 15. Nb6 Rc6 16. b4 Nd7 {1-0 (34) Carlsen,M (2832)-Nepomniachtchi,I (2732) Leuven 2017}) 13... Rb8 14. Nb6 Nd7 15. Ncd5 Nxb6 16. Nxb6 Be6 17. Bc4 Qc7 18. Qd3 Bd8 19. c3 Qc6 20. Bd5 Qe8 21. Bxe6 Qxe6 22. Nd5 f5 23. O-O Rc8 24. Rfd1 fxe4 25. Qxe4 Qf5 26. Qe2 Kh8 27. c4 Bh4 {[%cal Rf5f2]} 28. g3 {And now Nb6 would win.} Bg5 29. Ra3 Rce8 30. h4 Bd8 31. b4 Qg6 32. h5 Qf5 33. Ne3 Qe6 34. Rad3 Be7 35. Nd5 $36 {[%mdl 2048] Black is under strong pressure.} Bd8 36. Rf3 Rxf3 37. Qxf3 Kg8 38. Kg2 e4 39. Qe2 Qe5 40. Ne3 Bg5 $2 {[#]} (40... Qe6 $16) 41. Rd5 $1 $18 {[%cal Rd5e5]} Qf6 42. Nf5 Re6 43. c5 dxc5 {[#]} 44. Qc4 $1 ({Less strong is} 44. Rxc5 g6 $16) ({Weaker is} 44. bxc5 h6 $16) 44... Qf7 (44... Kh8 $142 45. Rxc5 Re8) 45. Rxc5 {Rc8+ would kill now.} h6 (45... Rc6 $142 46. Rxc6 bxc6 47. Qxe4 h6) 46. Rc8+ Kh7 47. g4 Re7 48. Qd4 Re6 (48... Rd7 $142 49. Qxe4 Qd5 50. Qxd5 Rxd5) 49. Qd5 {White is clearly winning.} g6 50. hxg6+ Kxg6 51. Rf8 Qxf8 52. Qxe6+ {Precision: White = 85%, Black = 57%.} 1-0

[Event "5th Sinquefield Cup 2017 GCT"]
[Site "Saint Louis"]
[Date "2017.08.11"]
[Round "9"]
[White "Svidler, Peter"]
[Black "Caruana, Fabiano"]
[Result "1-0"]
[WhiteElo "2751"]
[BlackElo "2807"]
[Annotator "TA"]
[PlyCount "87"]
[EventDate "2017.??.??"]
[EventCountry "USA"]
[SourceTitle "playchess.com"]
[Source "ChessBase"]
[SourceQuality "1"]

{[%evp 15,87,20,13,20,13,8,8,8,14,12,20,12,16,8,16,11,28,10,52,57,161,27,28,21,56,45,49,31,65,59,62,78,65,42,66,59,82,54,135,126,154,154,133,143,191,193,205,207,249,247,248,207,212,219,187,164,202,187,216,206,203,201,420,408,450,393,440,406,524,437,431,431,557,542]} 1. c4 e5 2. g3 Nf6 3. Bg2 c6 4. Nf3 e4 5. Nd4 Qb6 6. Nb3 {A20: English Opening: 1...e5} a5 7. d3 a4 8. N3d2 d5 {LiveBook: 3 Games} 9. cxd5 (9. dxe4 dxe4 10. e3 Bg4 11. Qc2 Nbd7 12. Nc3 Bb4 13. Ndxe4 Nxe4 14. Qxe4+ {0-1 (35) Topalov,V (2749)-Caruana,F (2808) Paris 2017}) 9... exd3 10. O-O {next Nc4 is good for White.} cxd5 11. exd3 Be7 $146 ({Find the theoretical novelty and annotate with similar games:} 11... Be6 12. Nc3 Qa5 13. Nf3 {½-½ (69) Lenderman,A (2593)-Karavade,E (2421) Douglas 2016}) 12. Nc3 {[%cal Bb1c3,Bc3e2,Be2f4][%mdl 32]} Qa5 13. Re1 Nc6 14. b4 axb3 $1 15. Bb2 Qd8 16. Qxb3 {[%cal Rc3d5]} Be6 17. Ne2 ({Much weaker is} 17. Qxb7 Nb4 $11) 17... Bb4 (17... O-O $14) 18. Red1 (18. Nf4 $1 $18 {[%cal Rf4e6]} O-O 19. Rxe6 fxe6 20. Nxe6) 18... O-O $11 19. Nf4 Bc5 20. Nf3 Bg4 21. Rac1 (21. Rdc1 $5 {[%cal Rc1c5]} Qd6 22. a4 $14) 21... Bxf3 22. Bxf3 Nd4 23. Bxd4 $1 Bxd4 24. Rc2 {[%cal Rf4d5]} b6 25. Bxd5 Ra7 26. Bf3 Re8 (26... Nd7 $1 $14) 27. Ne2 $16 h5 28. Nxd4 Qxd4 29. Rc4 Qe5 30. a4 Qa5 31. Kg2 Rd8 32. d4 Nd5 33. Rdc1 g6 34. Rc8 Rad7 35. Qc4 Kg7 {[#]} 36. Rxd8 $1 Rxd8 {[#]} 37. Rb1 $1 {[%cal Rb1b5] Hoping for Rb5.} Nf6 {[#]} 38. d5 $1 {[%cal Bd4d5,Bd5d6][%mdl 544]} Ra8 $2 (38... Qd2 39. Rd1 (39. Rxb6 Nxd5 40. Rb3 h4 $16) 39... Qb2) (38... Nxd5 39. Qd4+) 39. d6 $18 Ra7 40. Rd1 Nd7 41. Bc6 Qc5 42. Qd4+ {White is clearly winning.} Qxd4 43. Rxd4 Kf6 44. Re4 {Precision: White = 79%, Black = 50%.} 1-0